La doctrina del control de convencionalidad en el sistema interamericano (Registro nro. 7972)

Detalles MARC
000 -LEADER
fixed length control field 01008 a2200229 4500
001 - CONTROL NUMBER
control field 63072
005 - DATE AND TIME OF LATEST TRANSACTION
control field 20260407155926.0
008 - FIXED-LENGTH DATA ELEMENTS--GENERAL INFORMATION
fixed length control field 260407a2024 arg spa d
003 - CONTROL NUMBER IDENTIFIER
control field AR-UNSa-BCEJYS
040 ## - CATALOGING SOURCE
Original cataloging agency AR-UNSa-BCEJYS
Language of cataloging spa
Transcribing agency AR-UNSa-BCEJYS
080 ## - UNIVERSAL DECIMAL CLASSIFICATION NUMBER
Universal Decimal Classification number 341.231.14
Common auxiliary subdivision (Derechos humanos (En el derecho internacional, refugiados, asilados, reclutamiento de niños y jóvenes...))
020 ## - INTERNATIONAL STANDARD BOOK NUMBER
International Standard Book Number 978-987-03-4837-5
041 ## - LANGUAGE CODE
Language code of text/sound track or separate title spa
100 1# - MAIN ENTRY--PERSONAL NAME
Personal name Colombo Murúa, Ignacio
245 10 - TITLE STATEMENT
Title La doctrina del control de convencionalidad en el sistema interamericano
Name of part/section of a work Fundamentos, alcances, problemas y soluciones
264 #1 - PRODUCTION, PUBLICATION, DISTRIBUTION, MANUFACTURE, AND COPYRIGHT NOTICE
Place of production, publication, distribution, manufacture Buenos Aires :
Name of producer, publisher, distributor, manufacturer La Ley
Date of production, publication, distribution, manufacture, or copyright notice 2024
300 ## - PHYSICAL DESCRIPTION
Extent xviii, 367 p.
Dimensions 24 cm.
505 ## - FORMATTED CONTENTS NOTE
Formatted contents note 1. Introducción - 2. Causas y fundamentos - 3. Límites a la doctrina - 4. Cosa juzgada nacional e internacional - 5. Conclusiones
590 ## - LOCAL NOTE (RLIN)
Local note niveau_biblio:m niveau_hierar:0
856 41 - ELECTRONIC LOCATION AND ACCESS
Uniform Resource Identifier <a href="http://www.biblioeco.unsa.edu.ar/pmb/images/libros/L129389.jpg">http://www.biblioeco.unsa.edu.ar/pmb/images/libros/L129389.jpg</a>
Link text Imagen de portada
Electronic format type image/jpeg
942 ## - ADDED ENTRY ELEMENTS (KOHA)
Koha item type
Existencias
Withdrawn status Lost status Damaged status Not for loan Home library Current library Shelving location Date acquired Total checkouts Full call number Barcode Date last seen Price effective from Koha item type
        Biblioteca Prof. Eusebio Cleto del Rey Biblioteca Prof. Eusebio Cleto del Rey   07/04/2026   341.231.14 C718 L129389 07/04/2026 07/04/2026 Libro